000 00646cab a2200217 4500
001 X3626
008 090401t1996 xxu||||| |||| 00| 0 eng d
035 _a(Sirsi) u31623
041 _aeng
245 _aCobra `96
260 _c1996
350 _a0
490 _aCSM (Chartered Surveyor Monthly)
_v5(9) June 1996, 8(1)
520 _aCobra `96, to be held 19-21 September, will be a major gathering of surveying researchers. Outlines key themes.
650 _aBUILDING AND CONSTRUCTION RESEARCH
650 _aCOBRA 96
650 _aUNIVERSITY OF THE WEST OF ENGLAND
690 _aBUILT ENVIRONMENT
942 _n0
948 _c04/03/1997
999 _c21226
_d21226